000 00403nam a22001697a 4500
003 CEME
005 20210628202734.0
008 210204b xxu||||| |||| 00| 0 eng d
040 _c.
082 _a891.4391 WAS
100 _aWasif Ali Wasif
_92946
245 _a Shabeey raaz
260 _aLAHORE
_bKASHIF PUBLISHER
_c2002
300 _a128P
650 _aURDU ADAB-POETRY
_928226
942 _cBK
_2ddc
999 _c570836
_d570836